| 000 | 00504cam a2200205ua 4500 | ||
|---|---|---|---|
| 020 | _c66.00 | ||
| 041 |
_aeng _h |
||
| 082 |
_a629.2 _bCRO/AU |
||
| 100 | _aCrouse, William.H . | ||
| 245 |
_aAutomotive mechanics / _cH.William Crouse. _hTextual Documents |
||
| 250 |
_a8 / _b. |
||
| 260 |
_a : _bTata Mc-Graw Hill Publishing Company , _c1984. |
||
| 300 | _a634 ; . | ||
| 365 | _a66.00 | ||
| 504 | _a | ||
| 942 | _cBK | ||
| 999 |
_c2390 _d2390 |
||